History Quiz

Random History or Company Quiz

What's It Called Now? (Companies) Quiz Stats

 Plays Quiz Updated Jan 23, 2012

Also try: Corporate Logos
Challenge
Share
Tweet
Embed
Score 0/20 Timer 05:00
0 Plays Today
Former Name Now Known As % Correct
AuctionWebeBay
83.5%
Firebird (browser, not car)Firefox
67.5%
DatsunNissan
54.4%
BackrubGoogle
48.8%
Peter's Super SubmarinesSubway
47.7%
Fashion 21Forever 21
41.2%
Jerry's Guide to the World Wide WebYahoo
40.7%
Computing Tabulating Recording CorporationIBM
36.9%
Tokyo Tsushin Kogyo K.K.Sony
31.8%
Brad's DrinkPepsi-Cola
26.3%
Former Name Now Known As % Correct
Marafuku CompanyNintendo
22%
DriveUrSelfHertz
17%
Lucky and Goldstar Co., Ltd.LG
13.7%
Blue Ribbon SportsNike
12.7%
Stag PartyPlayboy
12.3%
Service Game CompanySega
11.6%
Matsushita Electric Corporation of AmericaPanasonic
8%
Quantum Computer ServicesAOL
5.7%
The Haloid CompanyXerox
4.6%
Diet DeluxeHealthy Choice
1.4%

You're not logged in!

Compare scores with friends on all Sporcle quizzes.
Join for Free
OR
Log In

You Might Also Like...

Show Comments

Extras

Top Quizzes Today


Score Distribution

Your Account Isn't Verified!

In order to create a playlist on Sporcle, you need to verify the email address you used during registration. Go to your Sporcle Settings to finish the process.

Report this User

Report this user for behavior that violates our Community Guidelines.

Details: